Textbook of Sociology for Nurses / (Record no. 1629)

MARC details
000 -LEADER
Fixed length control field 00474nam a2200193Ia 4500
003 - CONTROL NUMBER IDENTIFIER
Control field IIN
005 - DATE AND TIME OF LATEST TRANSACTION
Control field 20240205155841.0
008 - FIXED-LENGTH DATA ELEMENTS--GENERAL INFORMATION
Fixed length control field 231217s9999 xx 000 0 und d
020 ## - INTERNATIONAL STANDARD BOOK NUMBER / ISBN
International Standard Book Number 9789386006318 (pbk)
040 ## - CATALOGING SOURCE
Original cataloging agency IIN
Language of cataloging English
082 ## - DEWEY DECIMAL CLASSIFICATION NUMBER
Classification number 610.73
Book Number GAN
100 1# - MAIN ENTRY--PERSONAL NAME
Personal name Ganesh, P.
245 1# - TITLE STATEMENT
Title Textbook of Sociology for Nurses /
Statement of responsibility P. Ganesh
250 ## - EDITION STATEMENT
Edition statement 2nd ed
260 ## - IMPRINT
Place of publication Bangalore :
Name of publisher EMMESS,
Date of publication 2017
300 ## - PHYSICAL DESCRIPTION
Page / Vol. No viii, 268p.
650 1# - SUBJECT ADDED ENTRY--TOPICAL TERM
Topical term Sociology
942 ## - ADDED ENTRY ELEMENTS (KOHA)
Koha item type Books
Holdings
Withdrawn status Lost status Damaged status Not for loan Collection code Home library Current library Date acquired Total Checkouts Call number Accession number Date last seen Price effective from Koha item type
          IDEAL INSTITUTE OF NURSING IDEAL INSTITUTE OF NURSING 17/12/2023   610.73/GAN D3 17/12/2023 17/12/2023 Books
© Ideal Institute Of Nursing, All rights reserved.         Powered by Koha